Critical thinking practices in mathematics education and beyond

Saved in:
Bibliographic Details
Other Authors: Tatsis, konstantinos (Editor), Maj, Bozena (edtf)
Format: Book
Language:English
Published: Rzeszow, Poland : Wydawnictwo Uniwersytetu Rzeszowskiego, 2022.
Subjects:
Tags: Add Tag
No Tags, Be the first to tag this record!

MARC

LEADER 00000nam a2200000 a 4500
001 1/125718
008 221220s2022####pl | ||| |||| ||eng||
020 |a 9788382770131 
040 |a GR-MyUa  |b gre  |c GR-MyUa  |e AACR2 
041 0 |a eng 
082 7 |a 510.7   |2 (23) 
245 0 0 |a Critical thinking practices in mathematics education and beyond /   |c επιμέλεια: Bozena Maj-Tatsis, Konstantinos Tatsis. 
260 |a Rzeszow, Poland :   |b Wydawnictwo Uniwersytetu Rzeszowskiego,   |c 2022. 
300 |a 237 σ. :   |b πίν., εικ. ;   |c 23 εκ.  
504 |a Περιλαμβάνει βιβλιογραφικές παραπομπές. 
650 0 |a Mathematics  |x Study and teaching  |x Methodology. 
650 0 |a Mathematics  |x Study and teaching. 
700 1 |a Tatsis, konstantinos,  |e edt 
700 1 |a Maj, Bozena,  |e edtf 
852 |a INST  |b RHODES  |e 20221220  |h 510.7 CRI  |p 005400043183  |q 005400043183  |t BK  |y 0 
970 |z 20-12-2022